01009nam a2200217 a 450000500170000000800410001704000240005804100180008208200190010024500970011924600820021624600860029826000850038430000340046954600460050365000470054965000500059665000580064665000570070470000300076120160901130717.0110518s1995 pe gr 00010 eng d aCO-BoBLA cCO-BoBLA0 aengaspaapor04a333.75 bB67p 10aProposal of criteria and indicators for sustainability of the Amazon Forest / cM. P. Botto.31aPropuesta de criterios e indicadores de sostenibilidad del bosque amazónico31aProposta sobre critérios e indicadores sustentabilidade da floresta amazônica aLima, Perú : bACT, Amazon Cooperation Treaty. Pro Tempore Secretariat,c1995. a149 páginas ; c30 x 21 cm. aTexto en inglés, español y portugues.26aDesarrollo sosteniblezAmazonas (Región)26aIndicadores ecológicoszAmazonas (Región)26aConservación de la naturalezaz Amazonas (Región)26aBosque húmedoxconservaciónzAmazonas (Región)1 aBotto, M. P.ecoordinador